000 00391nam a22001697a 4500
999 _c2717
_d2716
005 20211106101221.0
008 160614b xxu||||| |||| 00| 0 eng d
020 _a981-243-140-3
041 _aeng
082 _b7601
100 _aLaurrence, Jennings & Reynolds
_91937
245 _aE-Distribution
260 _bThomson
_c2003
300 _a231
650 _aManagement
_9241
942 _cBK